Histoire du XXe siècle - Statistiques

Statistiques générales
  • Ce quiz a été pris 32 fois
  • Le résultat moyen est 8 sur 20
Statistiques - réponses
Questions Réponses % Correct
Dans quelle ville l'archiduc François-Ferdinand est-il assassiné le 28 juin 1914 ? Sarajevo
86%
Quel président des Etats-Unis, élu en 1981, a notamment été acteur de cinéma ? Ronald Reagan
75%
En quelle année la Ve République est-elle proclamée ? 1958
71%
Quel ancien officier de police SS sous le régime nazi est condamné pour Crime de Guerre en 1987, après avoir été retrouvé en Bolivie ? Klaus Barbie
64%
Quel homme d'État cambodgien était le chef des Khmers rouges et du Parti communiste du Kampuchéa ? Pol Pot
64%
Quelle période de croissance économique exceptionnelle l'économiste Jean Fourastié décrit-il dans son ouvrage publié en 1979 ? Il est aussi auteur de cette expression. Les Trente Glorieuses
61%
Quel dirigeant chilien entame un régime dictatorial à partir de 1973 et jusqu'en 1990 ? Augusto Pinochet
57%
Lors de la tentative d'invasion militaire étasunienne à Cuba en 1961, sur quelle plage les militaires débarquent-ils ? La Baie des Cochons
57%
Quel nom porte l'ensemble des réformes économiques et sociales apportées par Mikhaïl Gorbatchev lors de son arrivée à la tête de l'URSS ? Pérestroïka
57%
Qui est le dirigeant soviétique successeur de Nikita Khrouchtchev ? Léonid Brejnev
46%
En quelle année l'Érythrée signe-t-elle son indépendance de l'Ethiopie ? 1993
43%
En quelle année les françaises obtiennent-elles le droit de recourir à la contraception ? 1967
39%
Quel premier ministre français a-t-il été accusé lors de l'affaire du "sang contaminé" ? Laurent Fabius
32%
Par quoi le GATT est-il remplacé en 1995 ? Organisation Mondiale du Commerce
32%
Grâce à quelle particularité physique reconnait-on facilement ce dernier ? Sa tache de naissance sur le front
11%
Par quel événement la guerre d'indépendance de l'Algérie débute-elle dans la nuit du 31 octobre au 1er novembre 1954 ? Toussaint Rouge
7%
Quel président rwandais est-il assassiné le 6 avril 1994, alors qu'il revenait d'un sommet en Tanzanie ? Juvénal Habyarimana
4%
Quel évènement signe la naissance de l'Organisation des Pays Exportateurs de Pétrole (OPEP) en 1960 ? Conférence de Bagdad
0%
Quel système de création monétaire forcée, les pays endettés, post-Première Guerre mondiale, utilisent-ils en masse pour entamer la reconstruction et rembourser leurs prêts ? La planche à billets
0%
Quel directeur de la Banque Centrale étasunienne, libéraliste, a lutté contre l'inflation lors du deuxième choc pétrolier en 1978 ? Paul Volcker
0%
Aucun quiz correspondant
Distribution des résultats
% des personnes avec chaque résultat
Percentile par nombre de réponses
Votre historique - résultats
Vous n’avez pas pris ce quiz